000 00473nam a2200181Ia 4500
001 4507
005 20260306145801.0
008 260306t2008||||xx |||||||||||||| ||spa||
041 _aESP
082 _a323.443
_bC75
100 _aColoma Elías, Guillermo W.
_eAUT
245 0 _aLa libertad de prensa en el Perú y un intento por liquidarla en 1945
260 _c2008
300 _a105 páginas :
_c24 cm.
650 _aGEN
654 _aCHU
942 _cLIB
_dJUS
_fJUS
_2ddc
_n
999 _c4507
_d4507